Dynamics of dense stellar systems (Record no. 9648)

MARC details
000 -LEADER
fixed length control field 00831nam a2200205Ia 4500
003 - CONTROL NUMBER IDENTIFIER
control field IN-BaIIA
008 - FIXED-LENGTH DATA ELEMENTS--GENERAL INFORMATION
fixed length control field 211028s9999 xx 000 0 eng d
020 ## - INTERNATIONAL STANDARD BOOK NUMBER
International Standard Book Number 0-521-36432-9
040 ## - CATALOGING SOURCE
Transcribing agency IIA Library
080 ## - UNIVERSAL DECIMAL CLASSIFICATION NUMBER
Universal Decimal Classification number 524.7(082.1)
Item number DYN
111 ## - MAIN ENTRY--MEETING NAME
Meeting name or jurisdiction name as entry element Workshop on Dynamics of Dense Stellar Systems
Location of meeting Toronto, Ontario
Date of meeting or treaty signing 1988 May 27-28
9 (RLIN) 16276
245 #0 - TITLE STATEMENT
Title Dynamics of dense stellar systems
Remainder of title proceedings of a workshop on dynamics of dense stellar systems, held in Toronto, Ontario, May 27-28, 1988
Statement of responsibility, etc. edited by David Merritt
260 ## - PUBLICATION, DISTRIBUTION, ETC.
Place of publication, distribution, etc. Cambridge
Name of publisher, distributor, etc. Cambridge University Press
Date of publication, distribution, etc. 1989
300 ## - PHYSICAL DESCRIPTION
Extent x, 251p.
650 ## - SUBJECT ADDED ENTRY--TOPICAL TERM
Topical term or geographic name entry element Astronomy and astrophysics thesaurus
650 ## - SUBJECT ADDED ENTRY--TOPICAL TERM
Topical term or geographic name entry element Extragalactic system
9 (RLIN) 5594
650 ## - SUBJECT ADDED ENTRY--TOPICAL TERM
Topical term or geographic name entry element Stellar systems dynamics
9 (RLIN) 16277
700 ## - ADDED ENTRY--PERSONAL NAME
Personal name Merritt, David., ed.
9 (RLIN) 16278
942 ## - ADDED ENTRY ELEMENTS (KOHA)
Koha item type Books
Holdings
Withdrawn status Lost status Damaged status Not for loan Home library Current library Shelving location Date acquired Total Checkouts Full call number Barcode Date last seen Price effective from Koha item type
        IIA Library-Bangalore IIA Library-Bangalore General Stacks     524.7(082.1)/ DYN 10558 05/11/2021   Books

Powered by Koha